LIBRARY & INFORMATION CENTRE, KCAET, TAVANUR

ONLINE PUBLIC ACCESS CATALOGUE (OPAC)

Irrigation practice and water management / (Record no. 371)

MARC details
000 -LEADER
fixed length control field 00563cam a2200217ua 4500
020 ## - INTERNATIONAL STANDARD BOOK NUMBER
ISBN 81-204-0340-1
041 ## - LANGUAGE CODE
Language code of text/sound track or separate title eng
082 ## - DEWEY DECIMAL CLASSIFICATION NUMBER
Classification number 631.587 4
Item number DON/IR
100 ## - MAIN ENTRY--AUTHOR NAME
Personal name Doneen, L D.
245 ## - TITLE STATEMENT
Title Irrigation practice and water management /
260 ## - PUBLICATION, DISTRIBUTION, ETC. (IMPRINT)
Place of publication New Delhi :
Name of publisher Oxford & IBH Publishing company ,
Year of publication 1988.
300 ## - PHYSICAL DESCRIPTION
Number of Pages 63 ; .
700 1# - ADDED ENTRY--PERSONAL NAME
Personal name Westcot, D W.
942 ## - ADDED ENTRY ELEMENTS (KOHA)
Koha item type Books
Holdings
Withdrawn status Lost status Damaged status Home library Current library Date acquired Full call number Accession Number Koha item type
      KAUAET KAUAET 07/04/2012 631.587 4 19065 Books
      KAUAET KAUAET 07/04/2012 631.587 4 18652 Books
      KAUAET KAUAET 07/04/2012 631.587 4 19042 Books
      KAUAET KAUAET 07/04/2012 631.587 4 17726 Books
free website counter